An oration, delivered at Lansingburgh, on the fourth of July, A.D. 1797 : in celebration of the twenty-first anniversary of American independence. /

Bibliographic Details
Main Author: Lee, Chauncey, 1763-1842
Format: eBook
Language:English
Series:Early American imprints. Evans (1639-1800) ; no. 32367.
Subjects:
Online Access:Evans Digital Edition

MARC

Tag First Indicator Second Indicator Subfields
LEADER 00000cam a22000001a 4500
001 in00002139140
006 m e d #
007 cr mn mmmmabba
008 851002s1797 nyu s 000 0 eng d
005 20260331151223.1
035 |z w004085 
035 |a MAAR8510023906B 
035 |9 mwa91-29213 
035 |a 339435 
035 |a aas03004085 
040 |a MWA  |c MWA  |e bdrb  |d UtOrBLW 
100 1 |a Lee, Chauncey,  |d 1763-1842. 
245 1 3 |a An oration, delivered at Lansingburgh, on the fourth of July, A.D. 1797 :  |b in celebration of the twenty-first anniversary of American independence. /  |c By Chauncy Lee, A.M. 
264 3 |a Lansingburgh [N.Y.] :  |b Printed by R. Moffitt & Co.,  |c 1797. 
300 |a 16 pages 
336 |a text  |b txt  |2 rdacontent 
337 |a computer  |b c  |2 rdamedia 
338 |a online resource  |b cr  |2 rdacarrier 
510 4 |a Evans  |c 32367 
530 |a Microform version available in the Readex Early American Imprints series. 
533 |a Electronic text and image data.  |b [Chester, Vt. :  |c Readex, a division of Newsbank, Inc.,  |d 2002-2004.  |e Includes files in TIFF, GIF and PDF formats with inclusion of keyword searchable text.  |f (Early American imprints. First series ; no. 32367). 
500 |a Electronic resource. 
655 7 |a Fourth of July addresses  |y 1797.  |2 rbgenr 
752 |a United States  |b New York  |d Lansingburgh. 
830 0 |a Early American imprints.  |n Series I,  |p Evans (1639-1800) ;  |v no. 32367. 
856 4 1 |u http://proxy.library.tamu.edu/login?url=https://opac.newsbank.com/select/evans/32367  |y Evans Digital Edition  |t 0 
999 |a MARS 
999 f f |s 6c67d2e6-adda-3213-9029-7e620e0f1055  |i 9c6bece6-76a8-3907-a7d8-93c3515344ec  |t 0 
952 f f |a Texas A&M University  |b College Station  |c Electronic Resources  |s www_evans  |d Available Online  |t 0  |h No information provided 
998 f f |t 0  |l Available Online